Twenty-first century procurement strategies (Record no. 103438)

MARC details
000 -LEADER
fixed length control field 01318cam a2200265 4500
008 - FIXED-LENGTH DATA ELEMENTS--GENERAL INFORMATION
fixed length control field 040325n2004 000 0 eng u
020 ## - INTERNATIONAL STANDARD BOOK NUMBER
International Standard Book Number 1842191888
020 ## - INTERNATIONAL STANDARD BOOK NUMBER
International Standard Book Number 1842191831
022 ## - INTERNATIONAL STANDARD SERIAL NUMBER
International Standard Serial Number 1464-648X
035 ## - SYSTEM CONTROL NUMBER
System control number (Sirsi) u125590
100 ## - MAIN ENTRY--PERSONAL NAME
Personal name Pryke, Stephen D.
245 ## - TITLE STATEMENT
Title Twenty-first century procurement strategies
Remainder of title analysing networks of inter-firm relationships
260 ## - PUBLICATION, DISTRIBUTION, ETC.
Place of publication, distribution, etc. London
Name of publisher, distributor, etc. RICS Foundation
Date of publication, distribution, etc. 2004
490 ## - SERIES STATEMENT
Series statement RICS Foundation Research Papers
Volume/sequential designation 4(27)
520 ## - SUMMARY, ETC.
Summary, etc. The paper deals with detailed case studies involving innovative procurement in both the private and public sectors. It identifies the shortcomings of existing means of analysing and representing procurement and project management and examines the use of Social Network Analysis (SNA) as an alternative approach. Bibliography. View at www.rics-foundation.org.
520 ## - SUMMARY, ETC.
Summary, etc. ISBN 1842191831 incorrectly printed on inside cover.
650 ## - SUBJECT ADDED ENTRY--TOPICAL TERM
Topical term or geographic name entry element PRIVATE SECTOR
650 ## - SUBJECT ADDED ENTRY--TOPICAL TERM
Topical term or geographic name entry element PUBLIC SECTOR
650 ## - SUBJECT ADDED ENTRY--TOPICAL TERM
Topical term or geographic name entry element PROCUREMENT STRATEGIES
650 ## - SUBJECT ADDED ENTRY--TOPICAL TERM
Topical term or geographic name entry element CONSTRUCTION INDUSTRY
690 ## - LOCAL SUBJECT ADDED ENTRY--TOPICAL TERM (OCLC, RLIN)
Topical term or geographic name as entry element Procurement
9 (RLIN) 6260
710 ## - ADDED ENTRY--CORPORATE NAME
Corporate name or jurisdiction name as entry element Royal Institution of Chartered Surveyors
Subordinate unit Foundation
9 (RLIN) 4173
856 ## - ELECTRONIC LOCATION AND ACCESS
Uniform Resource Identifier <a href="https://www.rics.org/site/scripts/download_info.aspx?downloadID=1532">https://www.rics.org/site/scripts/download_info.aspx?downloadID=1532</a>
Public note View the research paper on the RICS Foundation website...
942 ## - ADDED ENTRY ELEMENTS (KOHA)
Suppress in OPAC 0
Holdings
Withdrawn status Lost status Source of classification or shelving scheme Damaged status Not for loan Home library Current library Shelving location Date acquired Total Checkouts Full call number Barcode Date last seen Copy number Price effective from Koha item type
    Dewey Decimal Classification     Virtual Virtual Online 16/11/2004   ONLINE PUBLICATION 125590-2001 06/08/2019 1 06/08/2019 Book